000 00367nam a2200133 i 4500
001 bg
100 1 _aMOSKALENKO, V. A.
245 0 _aMetod issledovanija plotnostej elektronnych sostojanij sverchprovodjascich splovov /
_cV.A. Moskalenko.
260 _aKisinev,
_c1974.
040 _cBPK
041 _apol
942 _cKS
008 s pl f |000 0 pol
999 _c26310
_d26310
856 _uhttp://koha.tu.koszalin.pl/cgi-bin/koha/opac-detail.pl?biblionumber=26310
_yKatalog online BPK